[Event "IECC M-4810"]
[Site "IECC email"]
[Date "2003.08.26"]
[Round "?"]
[White "Cunningham, Don"]
[Black "Watchbaugh, Gene"]
[Result "0-1"]
[WhiteElo "946"]
[BlackElo "984"]
[PlyCount "88"]
[EventDate "2003.??.??"]
[EventType "tourn (corr)"]
[EventRounds "10"]
[SourceTitle "Corr 2020"]
[Source "ChessBase"]
[SourceDate "2019.09.30"]
[SourceVersion "1"]
[SourceVersionDate "2019.09.30"]
[SourceQuality "1"]
[WhiteTeam "United States"]
[BlackTeam "United States"]
[WhiteTeamCountry "USA"]
[BlackTeamCountry "USA"]

1. d4 d5 2. Nf3 e6 3. e3 c6 4. Bd3 Nf6 5. 0-0 Bb4 6. c3 Ba5 7. Ne5 0-0 8. Re1 Re8 9. e4 Rf8 10. exd5 cxd5 11. Re3 Bb6 12. Nd2 Qd6 13. Rh3 Nc6 14. Ndf3 Bc7 15. Ng5 Nxe5 16. dxe5 Qxe5 17. Bxh7+ Kh8 18. Bd3+ Kg8 19. Nf3 Qd6 20. Qc2 Rd8 21. Bh7+ Kf8 22. Bg5 e5 23. Rh4 Ke7 24. Re1 e4 25. Nd4 Rh8 26. Nf5+ Bxf5 27. Bxf5 Rxh4 28. Bxh4 Qxh2+ 29. Kf1 Qxh4 30. Bh3 Rh8 31. Qe2 a5 32. Qe3 Ng4 33. Qc5+ Kd8 34. Qxd5+ Kc8 35. Qf5+ Kb8 36. Qxg4 Qf6 37. Rxe4 Bb6 38. Re2 a4 39. Qd7 Ka7 40. Qxa4+ Kb8 41. f3 Rxh3 42. Ke1 Rh1+ 43. Kd2 Qd6+ 44. Kc2 Qd1# 0-1

[Event "IECC M email"]
[Site "IECC email"]
[Date "2003.02.23"]
[Round "?"]
[White "Watchbaugh, Gene"]
[Black "Cunningham, Don"]
[Result "0-1"]
[WhiteElo "1050"]
[BlackElo "904"]
[PlyCount "52"]
[EventDate "2003.??.??"]
[EventType "tourn (corr)"]
[EventRounds "6"]
[SourceTitle "Corr 2008"]
[Source "ChessBase"]
[SourceDate "2008.06.24"]
[SourceVersion "1"]
[SourceVersionDate "2008.06.24"]
[SourceQuality "1"]

1. g3 d5 2. Bg2 Nf6 3. f4 e6 4. b3 Bd6 5. Nc3 c6 6. Bb2 0-0 7. e3 Re8 8. Nf3 e5 9. Ng5 d4 10. exd4 exd4+ 11. Nce4 Bg4 12. Nf3 Rxe4+ 13. Kf2 Bc5 14. Re1 Re6 15. Rxe6 Bxe6 16. c3 Ne4+ 17. Kg1 dxc3+ 18. Kf1 cxb2 19. Rb1 Bd5 20. Rxb2 Nd7 21. d4 Bb6 22. Nh4 Ndf6 23. Bxe4 Bxe4 24. Qe1 Bxd4 25. Nf5 Bxb2 26. Qb4 Bxf5 0-1